01092 a2200193 45000010006000000050017000060080041000230030015000640400040000790800103001192450057002220200018002792640044002973000023003415050388003640410008007521000028007608560110007883403320260407155630.0260407a2003 arg spa dAR-UNSa-BCEJYS aAR-UNSa-BCEJYSbspacAR-UNSa-BCEJYS a658.012.123xModelos de decisión. Diagramas de decisión. Árboles de decisión (Cursogramas)10aDecisiones empresariales bajo riesgo e incertidumbre a958-04-7441-9 1aBogotá :bGrupo Editorial Normac2003 axv, 448 p.c23 cm. a1. El proceso de decisión - 2. Decisiones bajo certeza: el valor del dinero en el tiempo - 3. Decisiones bajo incertidumbre - 4. Una aproximación a los métodos de pronóstico - 5. Actitudes hacia el riesgo - 6. Análisis de sensibilidad - 7. Análisis de inversiones bajo riesgo: simulación - 8. Árboles de decisión - 9. Análisis de portafolio - 10. Opciones reales  aspa1 aVélez Pareja, Ignacio41uhttps://biblioeco.unsa.edu.ar/pmb/images/libros/decisiones_empresarial.jpgyImagen de portadaqimage/jpeg